000 00315nam a22001337a 4500
008 170608b xxu||||| |||| 00| 0 eng d
020 _a9780495604198
041 _aeng
080 _22ND
_a32
100 _a17
101 _aSHP
245 _aSOCIAL WELFARE POLICY AND SOCIAL PROGRAMS
_cSEGAL, E.A
942 _2udc
_cBK
999 _c16540
_d16540